Lectures on Calvinism / (Record no. 31070)
[ view plain ]
| 000 -LEADER | |
|---|---|
| fixed length control field | 00887nam a22002411a 4500 |
| 001 - CONTROL NUMBER | |
| control field | 159058 |
| 008 - FIXED-LENGTH DATA ELEMENTS--GENERAL INFORMATION | |
| fixed length control field | 880812r19941931miu b 000 0 eng d |
| 035 ## - SYSTEM CONTROL NUMBER | |
| System control number | (OCoLC)ocm18465895 |
| 035 ## - SYSTEM CONTROL NUMBER | |
| -- | D501905 |
| 040 ## - CATALOGING SOURCE | |
| Original cataloging agency | RBN |
| Transcribing agency | RBN |
| Modifying agency | OCL |
| -- | OMT |
| -- | ICW |
| 049 ## - LOCAL HOLDINGS (OCLC) | |
| Holding library | ICWA |
| 050 ## - LIBRARY OF CONGRESS CALL NUMBER | |
| Classification number | BX9422 |
| Item number | .K8 1987 |
| 100 1# - MAIN ENTRY--PERSONAL NAME | |
| Personal name | Kuyper, Abraham, |
| Dates associated with a name | 1837-1920. |
| 245 10 - TITLE STATEMENT | |
| Title | Lectures on Calvinism / |
| Statement of responsibility, etc | by Abraham Kuyper. |
| Medium | [Text] |
| 260 ## - PUBLICATION, DISTRIBUTION, ETC. (IMPRINT) | |
| Place of publication, distribution, etc | Grand Rapids, Mich. |
| Name of publisher, distributor, etc | Eerdmans |
| Date of publication, distribution, etc | 1981 |
| 300 ## - PHYSICAL DESCRIPTION | |
| Extent | 199 p. ; 20 cm. |
| 500 ## - GENERAL NOTE | |
| General note | "Six lectures delivered at Princeton University under the auspices of the L.P. Stone Foundation." Reprint of the 1931 ed. |
| 504 ## - BIBLIOGRAPHY, ETC. NOTE | |
| Bibliography, etc | "Six lectures delivered at Princeton University under the auspices of the L.P. Stone Foundation." Reprint of the 1931 ed. |
| 600 10 - SUBJECT ADDED ENTRY--PERSONAL NAME | |
| Personal name | Calvin |
| Medium | Jean |
| Titles and other words associated with a name | 1509-1564 |
| 650 #0 - SUBJECT ADDED ENTRY--TOPICAL TERM | |
| Topical term or geographic name as entry element | Calvinism. |
| 650 #0 - SUBJECT ADDED ENTRY--TOPICAL TERM | |
| Topical term or geographic name as entry element | Reformed church |
| General subdivision | doctrines. |
| 910 ## - USER-OPTION DATA (OCLC) | |
| User-option data | 501905 |
| Withdrawn status | Lost status | Source of classification or shelving scheme | Damaged status | Not for loan | Collection code | Home library | Current library | Shelving location | Date acquired | Cost, normal purchase price | Total Checkouts | Full call number | Barcode | Date last seen | Date checked out | Copy number | Price effective from | Koha item type |
|---|---|---|---|---|---|---|---|---|---|---|---|---|---|---|---|---|---|---|
| Library of Congress Classification | General Circulation | AIU/NEGST - Tony Wilmot Memorial Library | AIU/NEGST - Tony Wilmot Memorial Library | General Stacks | 09/24/2009 | 9.00 | 2 | BX 9422.K8 1931 | R13770W3232 | 01/15/2020 | 01/09/2020 | 1 | 09/24/2009 | Books | ||||
| Library of Congress Classification | General Circulation | AIU/NEGST - Tony Wilmot Memorial Library | AIU/NEGST - Tony Wilmot Memorial Library | General Stacks | 09/24/2009 | 19.00 | BX 9422.K8 1931 | R13766K3232 | 09/02/2019 | 2 | 09/24/2009 | Books |
